| 000 | 01435nam a2200313 a 4500 | ||
|---|---|---|---|
| 005 | 20100406122557.0 | ||
| 008 | 920710s1992 ii a | b 00| 0 eng | ||
| 010 | _aB-379452 | ||
| 020 | _c1800.00 | ||
| 035 | _aB-379452 | ||
| 035 | _aB-368663 | ||
| 037 | _bUBH | ||
| 040 |
_adpl _bEnglish |
||
| 082 | _a728.8095456 | ||
| 100 | _aVarma, Pavan K. | ||
| 245 |
_aHavelis of old Delhi / _cby Pavan K. Varma ; photographed by Sondeep Shankar |
||
| 260 |
_aNew Delhi _bBookwise _c1999(repr.) |
||
| 270 |
_aAVG Bhawan, M3 Connaught Circus, _bNew Delhi _e110001 |
||
| 300 |
_a126 p. : _bill(some col.), maps, ports.(some col.) _c29 cm (Hb) |
||
| 504 | _aIncludes bibliographical references | ||
| 650 |
_aHavelis _zIndia _zDelhi. |
||
| 650 |
_aHistoric buildings _zIndia _zDelhi. |
||
| 651 |
_aDelhi (India) _xHistory. |
||
| 942 |
_2ddc _cRF _mVAR _h728.8095456 |
||
| 999 |
_c35094 _d35094 |
||